[Event "Principal 2014/2015"]
[Site "Vitrolles"]
[Date "2015.03.21"]
[Round "7"]
[White "Montanelli, Tristan"]
[Black "Girard, Jean-Pierre"]
[Result "0-1"]
[WhiteElo "1722"]
[BlackElo "1854"]
[PlyCount "38"]

1. c4 Nf6 2. Nc3 e6 3. b3 c5 4. Bb2 Nc6 5. e3 d5 6. cxd5 exd5 7. a3 d4 8. Nce2
Be7 9. exd4 cxd4 10. d3 O-O 11. h3 Re8 12. Qc2 Bf8 13. O-O-O Be6 14. Kb1 Rc8
15. Nf3 Na5 16. Qd2 Nxb3 17. Qg5 Rc5 18. Ne5 Qd5 19. f4 Nd2+ 0-1

[Event "Principal 2014/2015"]
[Site "Vitrolles"]
[Date "2015.03.21"]
[Round "7"]
[White "Massardo, Quentin"]
[Black "Baroyan, Davit"]
[Result "0-1"]
[WhiteElo "1900"]
[BlackElo "1916"]
[PlyCount "66"]

1. d4 d5 2. c4 c6 3. Nf3 Nf6 4. g3 dxc4 5. Bg2 Nbd7 6. Qc2 Nb6 7. O-O g6 8. e4
Bg7 9. Be3 h6 10. a4 a5 11. Na3 Be6 12. h3 O-O 13. Ne5 Ne8 14. Naxc4 Nxc4 15.
Nxc4 Nd6 16. d5 cxd5 17. Nb6 d4 18. Nxa8 dxe3 19. Nc7 Bc4 20. Rfe1 Qxc7 21.
Rxe3 Bd4 22. Rd3 Qb6 23. Rd2 Rc8 24. Qd1 Bb3 25. Qf3 e5 26. Qf6 Nc4 27. Qxb6
Nxb6 28. Ra3 Nc4 29. Rxd4 exd4 30. Rxb3 Rd8 31. Bf1 Nd2 32. Rxb7 d3 33. Rb5
Nxf1 0-1

[Event "Principal 2014/2015"]
[Site "Vitrolles"]
[Date "2015.03.21"]
[Round "7"]
[White "Brongers, Henk"]
[Black "Boghossian, Pierre"]
[Result "0-1"]
[WhiteElo "2017"]
[BlackElo "1971"]
[PlyCount "80"]

1. e4 e6 2. d4 d5 3. Nc3 Nf6 4. Bg5 Be7 5. e5 Nfd7 6. Bxe7 Qxe7 7. Qd2 a6 8.
Nd1 c5 9. c3 Nc6 10. f4 f6 11. Nf3 O-O 12. Bd3 cxd4 13. cxd4 fxe5 14. fxe5 Rxf3
15. gxf3 Qh4+ 16. Nf2 Nxd4 17. O-O-O Nxf3 18. Qe3 Ndxe5 19. Bc2 Bd7 20. Nd3 d4
21. Qe2 Bb5 22. Rhf1 Rf8 23. b3 Qe7 24. Kb1 Qc7 25. Qg2 Bxd3 26. Bxd3 Qc3 27.
Qe2 Nxd3 28. Qxe6+ Kh8 29. Qe2 Kg8 30. Rxf3 Rxf3 31. Qe8+ Rf8 32. Qe6+ Kh8 33.
Qe2 Nb4 34. Qg2 Rc8 35. Qf2 d3 36. Qd2 Qc2+ 37. Ka1 Qxd2 38. Rxd2 Rc2 39. Rd1
d2 40. Kb1 Rc1+ 0-1

[Event "Principal 2014/2015"]
[Site "Vitrolles"]
[Date "2015.04.04"]
[Round "8"]
[White "Busson, Benoist"]
[Black "Chauvet, Jean-Marc"]
[Result "1/2-1/2"]
[WhiteElo "1950"]
[BlackElo "1947"]
[PlyCount "66"]

1. e4 e6 2. d4 d5 3. e5 c5 4. Nf3 Qb6 5. Bd3 Bd7 6. a4 Nc6 7. O-O c4 8. Be2 f6
9. Nbd2 Nxd4 10. Nxd4 Qxd4 11. exf6 Nxf6 12. c3 Qb6 13. Nf3 Bd6 14. Be3 Qc7 15.
h3 O-O 16. Qd4 Ne4 17. Qd1 Rad8 18. Ng5 Nxg5 19. Bxg5 Rde8 20. Be3 Bf4 21. Qd4
Bxe3 22. fxe3 Bc6 23. Qxa7 Qg3 24. Rf3 Rxf3 25. Bxf3 e5 26. Rf1 e4 27. Bg4 g6
28. Qc5 Qe5 29. a5 Qe7 30. Qb6 h5 31. Be2 Qe6 32. a6 bxa6 33. Qxa6 Rf8 1/2-1/2

[Event "Principal 2014/2015"]
[Site "Vitrolles"]
[Date "2015.04.04"]
[Round "8"]
[White "Baroyan, Davit"]
[Black "Brongers, Henk"]
[Result "1/2-1/2"]
[WhiteElo "1920"]
[BlackElo "2016"]
[PlyCount "52"]

1. d4 Nf6 2. c4 g6 3. Nc3 Bg7 4. e4 d6 5. Bd3 e5 6. d5 Na6 7. Nge2 Nc5 8. Bc2
a5 9. O-O O-O 10. h3 Ne8 11. Be3 f5 12. exf5 gxf5 13. f4 Qe7 14. Rf3 Ne4 15.
Bxe4 fxe4 16. Rg3 Nf6 17. fxe5 dxe5 18. Bh6 Rf7 19. Bxg7 Rxg7 20. Kh2 Bf5 21.
Rxg7+ Kxg7 22. Ng3 Bg6 23. Qe2 Qc5 24. Ngxe4 Nxe4 25. Nxe4 Qd4 26. Ng3 Rf8
1/2-1/2

[Event "Principal 2014/2015"]
[Site "Vitrolles"]
[Date "2015.04.04"]
[Round "8"]
[White "Charvein, Gabriel"]
[Black "Boghossian, Pierre"]
[Result "1/2-1/2"]
[WhiteElo "1827"]
[BlackElo "1961"]
[PlyCount "56"]

1. e4 e6 2. d4 d5 3. exd5 exd5 4. c4 Nc6 5. Nf3 Bg4 6. Be2 Bb4+ 7. Bd2 Bxf3 8.
Bxf3 Qe7+ 9. Kf1 Bxd2 10. Qxd2 Qb4 11. Qxb4 Nxb4 12. Nc3 O-O-O 13. Nxd5 Nxd5
14. Bxd5 Nf6 15. Bf3 Rxd4 16. b3 Rhd8 17. g3 Nd7 18. Kg2 Ne5 19. Rhe1 f6 20.
Re2 a5 21. Be4 g6 22. h4 c6 23. h5 gxh5 24. Bxh7 Kc7 25. Bf5 Rd2 26. Rae1 Kb6
27. Kf1 Kc5 28. Rxd2 Rxd2 1/2-1/2

[Event "Principal 2014/2015"]
[Site "Vitrolles"]
[Date "2015.04.04"]
[Round "8"]
[White "Anton, Jose"]
[Black "Montanelli, Tristan"]
[Result "1-0"]
[WhiteElo "1859"]
[BlackElo "1714"]
[PlyCount "85"]

1. e4 c5 2. d4 cxd4 3. c3 dxc3 4. Nxc3 Nc6 5. Nf3 d6 6. Bc4 a6 7. O-O Nf6 8.
Qe2 e6 9. Rd1 Qc7 10. Bf4 Ne5 11. Bb3 Nxf3+ 12. Qxf3 e5 13. Bg5 Be7 14. Rac1
Qd8 15. Bxf6 gxf6 16. Qh5 O-O 17. Rd3 Bd7 18. Rg3+ Kh8 19. Bxf7 Rxf7 20. Qxf7
Qf8 21. Qxf8+ Rxf8 22. Nd5 Bd8 23. Rd3 f5 24. f3 Bc6 25. g3 fxe4 26. fxe4 Bxd5
27. Rxd5 Bb6+ 28. Kg2 Rf2+ 29. Kh3 Bc5 30. Rb1 a5 31. a3 Rf6 32. Rdd1 Kg7 33.
Rf1 b6 34. Rxf6 Kxf6 35. Kg4 Ke6 36. Rd1 Bd4 37. b3 d5 38. Kf3 dxe4+ 39. Kxe4
Bc5 40. a4 Bd6 41. g4 Bc7 42. Rd3 Bd6 43. Rh3 1-0

[Event "Principal 2014/2015"]
[Site "Vitrolles"]
[Date "2015.04.04"]
[Round "8"]
[White "Girard, Jean-Pierre"]
[Black "Massardo, Quentin"]
[Result "0-1"]
[WhiteElo "1868"]
[BlackElo "1848"]
[PlyCount "69"]

1. e4 Nf6 2. e5 Nd5 3. d4 d6 4. Nf3 g6 5. c4 Nb6 6. exd6 cxd6 7. Nc3 Bg7 8. Be3
Bf5 9. Be2 O-O 10. Rc1 d5 11. cxd5 Nxd5 12. Nxd5 Qxd5 13. O-O Qxa2 14. Qd2 Rd8
15. Rc7 Nc6 16. Rc1 Be6 17. Rxb7 Na5 18. Rb4 Nb3 19. Rxb3 Qxb3 20. Qc3 Rac8 21.
Qxb3 Rxc1+ 22. Bxc1 Bxb3 23. Kf1 Bxd4 24. Nxd4 Rxd4 25. Be3 Ra4 26. Ke1 e5 27.
Kd2 f5 28. Kc3 Bd5 29. g3 a5 30. Bc5 Ra1 31. Bd6 e4 32. Kd4 Bf7 33. Bf4 a4 34.
Bd6 Re1 35. Ke3 0-1

[Event "Principal 2014/2015"]
[Site "Vitrolles"]
[Date "2015.05.16"]
[Round "9"]
[White "Busson, Benoist"]
[Black "Boghossian, Pierre"]
[Result "1-0"]
[WhiteElo "1946"]
[BlackElo "1954"]
[PlyCount "45"]

1. e4 e6 2. Nf3 d5 3. e5 c5 4. b4 d4 5. bxc5 Bxc5 6. Bd3 Nc6 7. Ba3 Qa5 8. Bxc5
Qxc5 9. Qe2 Bd7 10. c3 Rc8 11. O-O Nge7 12. Qe4 dxc3 13. Nxc3 Nb4 14. Rab1 Nxd3
15. Qxd3 Bc6 16. Ne4 Bxe4 17. Qxe4 b6 18. Qa4+ Nc6 19. Rfc1 Qd5 20. Nd4 Qe4 21.
d3 Qf4 22. g3 Qd2 23. Nxc6 1-0

[Event "Principal 2014/2015"]
[Site "Vitrolles"]
[Date "2014.10.04"]
[Round "9"]
[White "Anton, Jose"]
[Black "Baroyan, Davit"]
[Result "0-1"]
[WhiteElo "1864"]
[BlackElo "1875"]
[PlyCount "96"]

1. e4 e5 2. d4 exd4 3. c3 dxc3 4. Bc4 Nc6 5. Nf3 d6 6. Nxc3 Nf6 7. h3 Be7 8.
O-O O-O 9. Qe2 Nd7 10. Rd1 Nde5 11. Bb3 Bf6 12. Bf4 Re8 13. Rac1 Nxf3+ 14. Qxf3
Be6 15. Ba4 Bd7 16. Qg3 Nd4 17. Bxd7 Qxd7 18. Qd3 Ne6 19. Be3 Bg5 20. Bxg5 Nxg5
21. f4 Ne6 22. f5 Nc5 23. Qd4 Re5 24. b4 Qc6 25. bxc5 Rxc5 26. Nd5 Re8 27. Rxc5
dxc5 28. Qe3 h6 29. Qf4 Qa4 30. Re1 c6 31. Nc7 Rc8 32. f6 Qd4+ 33. Kh1 Qxf6 34.
Qg3 Qe7 35. Qa3 Qxc7 36. Qxa7 b6 37. Qa6 Rd8 38. Rf1 Re8 39. Qc4 Re7 40. Rb1
Re5 41. Qa4 b5 42. Qa8+ Kh7 43. Qf8 Qe7 44. Qc8 Qe6 45. Qc7 Rxe4 46. Rf1 Re1
47. Rxe1 Qxe1+ 48. Kh2 Qe6 0-1

[Event "Principal 2014/2015"]
[Site "Vitrolles"]
[Date "2015.05.16"]
[Round "9"]
[White "Chauvet, Jean-Marc"]
[Black "Brongers, Henk"]
[Result "1/2-1/2"]
[WhiteElo "1953"]
[BlackElo "2009"]
[PlyCount "37"]

1. e4 g6 2. d4 d6 3. h3 Bg7 4. Nf3 Nf6 5. Nc3 a6 6. a4 Nc6 7. Be3 O-O 8. g3 b6
9. Bg2 Bb7 10. O-O Nb4 11. Ne1 Rb8 12. Qd2 c5 13. d5 e6 14. dxe6 fxe6 15. Bh6
d5 16. Bxg7 Kxg7 17. e5 Nh5 18. Kh2 Nc6 19. f4 1/2-1/2

[Event "Principal 2014/2015"]
[Site "Vitrolles"]
[Date "2015.05.16"]
[Round "9"]
[White "Girard, Jean-Pierre"]
[Black "Charvein, Gabriel"]
[Result "0-1"]
[WhiteElo "1835"]
[BlackElo "1792"]
[PlyCount "82"]

1. e4 e5 2. Nf3 Nc6 3. Bb5 a6 4. Ba4 Nf6 5. O-O Be7 6. Re1 b5 7. Bb3 O-O 8. a4
Bb7 9. d3 d6 10. a5 Nd7 11. c3 Re8 12. Nbd2 Bf8 13. Nf1 h6 14. Ng3 g6 15. Be3
Nc5 16. Bc2 d5 17. exd5 Qxd5 18. b4 Ne6 19. Ne4 Qd8 20. Bb3 Kh7 21. Qd2 f5 22.
Nc5 Nxc5 23. Bxc5 Bxc5 24. bxc5 Qf6 25. Bc2 Rad8 26. Qe3 f4 27. Qc1 Nb8 28. d4
Bxf3 29. gxf3 exd4 30. cxd4 Qxd4 31. Qb1 Rxe1+ 32. Qxe1 Qxc5 33. Bxg6+ Kxg6 34.
Qe6+ Kg7 35. Kh1 Rd5 36. Qg4+ Rg5 37. Qxf4 Qe5 38. Qc1 Nd7 39. Ra3 Qd6 40. Re3
Re5 41. Qb2 Qf6 0-1